| 000 | 01585nam0a2200373 4500 | ||
|---|---|---|---|
| 001 | RU\NLR\bibl\958177 | ||
| 005 | 20260405152804.0 | ||
| 010 |
_a5-8037-0298-6 _9500 |
||
| 021 |
_aRU _b2006-22302 _91113 |
||
| 035 | _a(nilc)RSL-KNO-002873985 | ||
| 035 | _a(NLR Aleph) 000946232 | ||
| 090 |
_a251097 _c251097 |
||
| 100 | _a20060502d2005 |||y0rusy50 ca | ||
| 101 | 0 | _arus | |
| 102 | _aRU | ||
| 105 | _aa ||||||||| | ||
| 106 | _ar | ||
| 200 | 1 |
_aСоздание эффективных машиностроительных производств _fРадислав Александрович Бирбраер |
|
| 210 |
_aМосква _cЯнус-К _d2005 |
||
| 215 |
_a288 с. _cил. _d22 |
||
| 300 | _aНа 4-й с. обл. авт.: Р. Бирбраер - к.т.н. | ||
| 320 | _aБиблиогр.: с. 199-209 (183 назв.) | ||
| 606 | 1 |
_aМашиностроительные заводы _xУправление _xОрганизация _91613944 _3RU\NLR\auth\66711459 |
|
| 610 | 0 | _aЭкономика -- Российская Федерация -- Машиностроительная промышленность -- Предприятие | |
| 610 | 0 | _aинженерный консалтинг | |
| 686 |
_aУ9(2)305.851.1,0 _2rubbk |
||
| 686 | _aУ30(2)585.1-219.1 | ||
| 700 | 1 |
_4070 _8rus _7ca _aБирбраер _bР. А. _gРадислав Александрович _3RU\NLR\auth\7763857 _946786 |
|
| 801 | 0 |
_aRU _bРКП _c20060502 _grcr |
|
| 801 | 1 |
_aRU _bРГБ _c20060502 |
|
| 801 | 2 |
_aRU _bNLR _c20060608 _grcr |
|
| 942 | _cBOOK | ||
| 980 | _aNB | ||